|
003 -Nazwa inst., której nr kontr. jest w polu 001 [,]
|
-
- @
- Nazwa instytucji, której n kontrolny jest w polu 001
- NUKAT
|
|
005 -DATA I CZAS OSTATNIEJ MODYFIKACJI [,]
|
-
- @
- pole kontrolne
- 20241231100715.0
|
|
020 -Międzynarod. znormalizowany nr książki - ISBN [ , ]
|
-
- a
- Numer ISBN
- 9788375670462
|
|
040 -Instytucja sporządzająca opis [ , ]
|
-
- a
- Instytucja, która sporządziła opis (NP)
- WA U/57dws
-
- c
- Instytucja, która sporządziła rekord (NP)
- WA U/dwss
-
- d
- Instytucja, która zmodyfikowała rekord (P)
- WA U/dws
-
- d
- Instytucja, która zmodyfikowała rekord (P)
- POZN 31/MK
-
- d
- Instytucja, która zmodyfikowała rekord (P)
- KR U/MWs
-
- d
- Instytucja, która zmodyfikowała rekord (P)
- POZN U/MP
|
|
942 -Rodzaj dokumentu [ , ]
|
-
- c
- Rodzaj dokumentu
- Książka
|
|
080 -Uniwersalna Klasyfikacja Dziesiętna [ , ]
|
-
- 2
- Identyfikator wydania tablic
- UDC-P058
-
-
- a
- Symbol klasyfikacji
- 341.12(4-67)
-
- b
- Dopowiedzenie
- Prawo Unii Europejskiej.
|
|
080 -Uniwersalna Klasyfikacja Dziesiętna [ , ]
|
-
- 2
- Identyfikator wydania tablic
- UDC-P058
-
-
- a
- Symbol klasyfikacji
- 340.13
-
- b
- Dopowiedzenie
- Prawo pozytywne. Źródła prawa pozytywnego. Normy prawne. Legislacja. Kodyfikacja. Prawodawstwo.
|
|
080 -Uniwersalna Klasyfikacja Dziesiętna [ , ]
|
-
- 2
- Identyfikator wydania tablic
- UDC-P058
-
-
- a
- Symbol klasyfikacji
- 340.14
-
- b
- Dopowiedzenie
- Inne niż ustawowe formy prawa. Prawo niepisane. Prawo zwyczajowe. Orzecznictwo jako źródło prawa.
|
|
650 -Hasło przedmiotowe [ ,7]
|
-
- a
- Hasło przedmiotowe
- Prawo europejskie i prawo krajowe
-
- z
- Określnik geograficzny
- Polska
-
- y
- Określnik chronologiczny
- 1990-.
-
-
|
|
650 -Hasło przedmiotowe [ ,7]
|
-
- a
- Hasło przedmiotowe
- Legislacja
-
- z
- Określnik geograficzny
- Polska
-
- y
- Określnik chronologiczny
- 1990-.
-
-
|
|
650 -Hasło przedmiotowe [ ,7]
|
-
- a
- Hasło przedmiotowe
- Prawo
-
- x
- Określnik rzeczowy
- stosowanie
-
- z
- Określnik geograficzny
- Polska
-
- y
- Określnik chronologiczny
- 1990-.
-
-
|
|
650 -Hasło przedmiotowe [ ,7]
|
-
- a
- Hasło przedmiotowe
- Redagowanie dokumentów prawnych.
-
-
|
|
980 -Symbol UKD [ , ]
|
-
- a
- UKD
- 341.12(4-67):340.13/.14
|
|
700 -Hasło dodatkowe - nazwa osobowa [1, ]
|
-
- a
- Nazwa osobowa (NP)
- Barcz, Jan
-
- d
- Daty biograficzne (NP)
- (1953- ).
-
- e
- Określenie rodzaju współpracy
- Oprac.
-
|
|
700 -Hasło dodatkowe - nazwa osobowa [1, ]
|
-
- a
- Nazwa osobowa (NP)
- Grzelak, Agnieszka
-
- c
- Dopowiedzenie inne niż daty biograficzne (NP)
- (prawnik).
-
- e
- Określenie rodzaju współpracy
- Oprac.
-
|
|
700 -Hasło dodatkowe - nazwa osobowa [1, ]
|
-
- a
- Nazwa osobowa (NP)
- Kapko, Mirosława.
-
- e
- Określenie rodzaju współpracy
- Oprac.
-
|
|
700 -Hasło dodatkowe - nazwa osobowa [1, ]
|
-
- a
- Nazwa osobowa (NP)
- Siwek, Anna
-
- c
- Dopowiedzenie inne niż daty biograficzne (NP)
- (prawo europejskie).
-
- e
- Określenie rodzaju współpracy
- Oprac.
-
|
|
710 -Hasło dodatkowe - nazwa ciała zbiorowego [1, ]
|
-
- a
- Nazwa ciała zbiorowego lub nazwa geograficzna jako pierwszy element (NP)
- Polska.
-
- b
- Nazwa jednostki podrzędnej (P)
- Urząd Komitetu Integracji Europejskiej.
-
- b
- Nazwa jednostki podrzędnej (P)
- Departament Prawa Unii Europejskiej.
-
|